000 00266nam a2200097Ia 4500
001 1138605
005 20250827005248.0
008 250824s9999 xx 000 0 und d
245 0 _aDAMDAN DÜŞEN PSİKOLOG
_cDOĞAN CÜCELOĞLU
260 _bREMZİ KİTABEVİ YAYINLARI
999 _c1138605
_d1138605